[Event "Plzen, FSB A"]
[Site "?"]
[Date "2000.??.??"]
[Round "2"]
[White "Birkenmaier, R."]
[Black "Gross, S."]
[Result "0-1"]
[WhiteElo "2150"]
[BlackElo "2355"]
[PlyCount "94"]
[EventDate "2000.??.??"]
[Source "ChessBase"]
[SourceDate "1996.11.15"]

1. d4 g6 2. Nf3 Bg7 3. e3 d6 4. Be2 Nd7 5. b3 Ngf6 6. Bb2 O-O 7. Nbd2 Re8 8.
O-O e5 9. dxe5 dxe5 10. Nc4 e4 11. Nfe5 Qe7 12. Nxd7 Bxd7 13. Qe1 Nd5 14. Bxg7
Kxg7 15. Rd1 Be6 16. Na5 c5 17. Bc4 Rad8 18. Bxd5 Bxd5 19. Qc3+ f6 20. Rd2 b6
21. Rfd1 Ba8 22. Nc4 Rxd2 23. Qxd2 Bc6 24. a4 Qc7 25. Qd6 Re7 26. Qxc7 Rxc7 27.
Rd6 Rd7 28. Rxd7+ Bxd7 29. Nd6 f5 30. Kf1 Kf6 31. Ke1 Ke5 32. Nc4+ Kd5 33. h4
Bxa4 34. Nb2 Bd7 35. c4+ Ke5 36. g3 h6 37. Nd1 g5 38. hxg5 hxg5 39. Nc3 Kd6 40.
Kd2 a6 41. g4 Bc6 42. Ne2 Ke5 43. gxf5 Kxf5 44. b4 Kg4 45. bxc5 bxc5 46. Nc3
Kf3 47. Ke1 a5 0-1

[Event "Plzen, FSB A"]
[Site "?"]
[Date "2000.??.??"]
[Round "2"]
[White "Schauer, J."]
[Black "Gross, G."]
[Result "1-0"]
[WhiteElo "2140"]
[BlackElo "2350"]
[PlyCount "89"]
[EventDate "2000.??.??"]
[Source "ChessBase"]
[SourceDate "1996.11.15"]

1. e4 Nc6 2. Nf3 f5 3. e5 d6 4. Bb5 Bd7 5. Qe2 e6 6. O-O d5 7. d4 a6 8. Bxc6
Bxc6 9. b3 h6 10. Bb2 g5 11. c4 Ne7 12. Nc3 Ng6 13. Qd1 Qd7 14. Rc1 Rh7 15. Ne1
g4 16. Nd3 h5 17. Ne2 Bh6 18. Rc2 dxc4 19. bxc4 Ba4 20. Nc5 Bxc2 21. Nxd7 Bxd1
22. Nf6+ Kf7 23. Rxd1 Rhh8 24. d5 Nf8 25. Nxh5 b5 26. Nhf4 Bxf4 27. Nxf4 bxc4
28. Ba3 exd5 29. Rxd5 Rh6 30. Bxf8 Kxf8 31. e6 Rf6 32. Rc5 Rd8 33. g3 Rd2 34.
Rxc4 Rxa2 35. Rxc7 Ra5 36. Ra7 Rh6 37. Kg2 Kg8 38. Ra8+ Kg7 39. e7 Re5 40. e8=Q
Rxe8 41. Rxe8 Rd6 42. Re6 Rxe6 43. Nxe6+ Kf6 44. Nc5 a5 45. f4 1-0

[Event "Plzen, FSB A"]
[Site "?"]
[Date "2000.??.??"]
[Round "2"]
[White "Glienke, M."]
[Black "Reitinger, P."]
[Result "0-1"]
[WhiteElo "2345"]
[BlackElo "2120"]
[PlyCount "73"]
[EventDate "2000.??.??"]
[Source "ChessBase"]
[SourceDate "1996.11.15"]

1. d4 d5 2. c4 dxc4 3. Nf3 Nf6 4. e3 e6 5. Bxc4 c5 6. O-O Nc6 7. Nc3 a6 8. a3
Na5 9. Ba2 c4 10. e4 Be7 11. Bg5 O-O 12. Qe2 b5 13. Rad1 Qc7 14. Bb1 Bb7 15.
Rfe1 Rfe8 16. e5 Nd5 17. Ne4 f6 18. exf6 gxf6 19. Bh6 Bf8 20. Bxf8 Kxf8 21. g3
Rad8 22. Nc5 Bc8 23. Qe4 Kg8 24. Qh4 Rd6 25. Qh5 Re7 26. Re4 f5 27. Rh4 Nb7 28.
Ng5 Nf6 29. Qe2 Nxc5 30. dxc5 Qxc5 31. Re1 Qd5 32. Rh6 Ng4 33. Rh4 Bb7 34. f3
Qc5+ 35. Kg2 Red7 36. Nxe6 Qb6 37. Rxg4+ 0-1

[Event "Plzen, FSB A"]
[Site "?"]
[Date "2000.??.??"]
[Round "2"]
[White "Burdova, K."]
[Black "Neuman, P."]
[Result "0-1"]
[WhiteElo "2130"]
[BlackElo "2330"]
[PlyCount "110"]
[EventDate "2000.??.??"]
[Source "ChessBase"]
[SourceDate "1996.11.15"]

1. e4 d6 2. d4 Nf6 3. Nc3 e5 4. Nge2 Nbd7 5. h3 c6 6. g4 b5 7. Ng3 b4 8. Nce2
h5 9. gxh5 a5 10. Bg2 Nxh5 11. Nxh5 Rxh5 12. Ng3 Rh8 13. dxe5 dxe5 14. Nf5 Qc7
15. Be3 g6 16. Ng3 Nc5 17. h4 Ne6 18. h5 Nf4 19. Bxf4 exf4 20. hxg6 Rxh1+ 21.
Nxh1 fxg6 22. Qd4 Bg7 23. e5 Bxe5 24. Bxc6+ Qxc6 25. Qxe5+ Qe6 26. Qxe6+ Bxe6
27. f3 Rc8 28. Kd2 Rd8+ 29. Ke1 Bf5 30. Rc1 Kf7 31. c3 Re8+ 32. Kf2 Rc8 33. Ke2
Be6 34. Nf2 Bxa2 35. Ne4 bxc3 36. bxc3 Bc4+ 37. Kf2 Rd8 38. Rb1 Rd7 39. Rb6 Kg7
40. Nd6 Bd3 41. Nb5 Bxb5 42. Rxb5 Ra7 43. Ke2 a4 44. Rb2 a3 45. Ra2 Kf6 46. Kd3
Ke5 47. Kc4 g5 48. Kb5 Ra8 49. c4 Kd4 50. c5 Kc3 51. Kb6 Kb3 52. Kb7 Kxa2 53.
Kxa8 Kb3 54. c6 a2 55. c7 a1=Q+ 0-1

[Event "Plzen, FSB A"]
[Site "?"]
[Date "2000.??.??"]
[Round "2"]
[White "Sladek, J."]
[Black "Namyslo, H."]
[Result "0-1"]
[WhiteElo "2125"]
[BlackElo "2325"]
[PlyCount "69"]
[EventDate "2000.??.??"]
[Source "ChessBase"]
[SourceDate "1996.11.15"]

1. e4 e6 2. Nc3 d5 3. Nf3 Nf6 4. e5 Nfd7 5. Bb5 c5 6. O-O Nc6 7. Bxc6 bxc6 8.
d4 Be7 9. Ne2 cxd4 10. Qxd4 Ba6 11. Re1 Qb6 12. Qxb6 axb6 13. a3 c5 14. b3 O-O
15. Nf4 Rfc8 16. Bb2 Bb7 17. Rad1 b5 18. c3 Nb6 19. Bc1 h6 20. h4 Kh7 21. Kh2
g6 22. Kg3 Kg7 23. h5 g5 24. Nh3 Kh7 25. Nh2 Rg8 26. Ng4 Nd7 27. f3 Ra6 28.
Nhf2 Bc8 29. c4 bxc4 30. bxc4 d4 31. Ne4 Ra4 32. Ngf6+ Nxf6 33. exf6 Bf8 34.
Nd2 Ba6 35. Re5 0-1

[Event "Plzen, FSB A"]
[Site "?"]
[Date "2000.??.??"]
[Round "2"]
[White "Menacher, M."]
[Black "Gutdeutsch, O."]
[Result "1-0"]
[WhiteElo "2315"]
[BlackElo "2115"]
[PlyCount "25"]
[EventDate "2000.??.??"]
[Source "ChessBase"]
[SourceDate "1996.11.15"]

1. e4 e5 2. Nf3 Nc6 3. Nc3 Bc5 4. Nxe5 Bxf2+ 5. Kxf2 Nxe5 6. d4 Ng6 7. Be3 d6
8. Bd3 Qh4+ 9. g3 Qh3 10. Nd5 Qd7 11. c3 c6 12. Qe2 a6 13. Nb6 1-0

[Event "Plzen, FSB A"]
[Site "?"]
[Date "2000.??.??"]
[Round "2"]
[White "Brousek, J."]
[Black "Hlavnicka, J."]
[Result "1/2-1/2"]
[WhiteElo "2050"]
[BlackElo "2305"]
[PlyCount "60"]
[EventDate "2000.??.??"]
[Source "ChessBase"]
[SourceDate "1996.11.15"]

1. d4 c5 2. c3 Nf6 3. Nf3 d5 4. Bg5 e6 5. e3 Be7 6. Nbd2 Nbd7 7. Bd3 O-O 8. Ne5
cxd4 9. Nxd7 Bxd7 10. cxd4 Qb6 11. Bxf6 Bxf6 12. Qb3 e5 13. Qxb6 axb6 14. Nb3
e4 15. Be2 Rfc8 16. Kd2 Be7 17. Rhc1 Bb4+ 18. Kd1 Rxc1+ 19. Nxc1 f5 20. g3 g5
21. a3 f4 22. Rb1 Bd6 23. Na2 Rf8 24. Ke1 Rf6 25. Nc3 Be6 26. Kd2 fxg3 27. fxg3
Rf2 28. Rf1 Rxf1 29. Bxf1 Kf7 30. Bb5 Ke7 1/2-1/2

[Event "Plzen, FSB A"]
[Site "?"]
[Date "2000.??.??"]
[Round "2"]
[White "Jirka, J."]
[Black "Warnk, T."]
[Result "1-0"]
[WhiteElo "2300"]
[BlackElo "2025"]
[PlyCount "73"]
[EventDate "2000.??.??"]
[Source "ChessBase"]
[SourceDate "1996.11.15"]

1. d4 d5 2. Nf3 Nf6 3. g3 g6 4. Bg2 Bg7 5. c4 c6 6. O-O O-O 7. cxd5 cxd5 8. Ne5
Nbd7 9. Nc3 e6 10. f4 a6 11. a4 Qb6 12. Kh1 Nb8 13. b3 Nc6 14. Ba3 Re8 15. Bc5
Qc7 16. Rc1 Bd7 17. e3 Rac8 18. g4 Bf8 19. Bxf8 Rxf8 20. g5 Nh5 21. Bf3 Ng7 22.
Ng4 Nf5 23. Qe1 Kg7 24. Nf6 Qd6 25. Bg4 Nce7 26. Qe2 Rh8 27. Kg1 Bc6 28. Kf2
Qb4 29. Qb2 h6 30. h3 hxg5 31. fxg5 Qd6 32. Rg1 e5 33. Ne2 exd4 34. Nxd4 Nh4
35. Ne6+ Qxe6 36. Bxe6 fxe6 37. Nh5+ 1-0

[Event "Plzen, FSB A"]
[Site "?"]
[Date "2000.??.??"]
[Round "2"]
[White "Epitashvili, K."]
[Black "Kolago, M."]
[Result "1/2-1/2"]
[WhiteElo "2100"]
[BlackElo "2270"]
[PlyCount "63"]
[EventDate "2000.??.??"]
[Source "ChessBase"]
[SourceDate "1996.11.15"]

1. d4 g6 2. e4 Bg7 3. Nc3 d6 4. Be3 Nd7 5. Qd2 c6 6. f3 a6 7. a4 Qa5 8. Nd1
Qxd2+ 9. Kxd2 b6 10. Bd3 Bb7 11. Ne2 Ngf6 12. c4 c5 13. d5 Ne5 14. h3 e6 15.
Ndc3 Nfd7 16. Nc1 Nxd3 17. Nxd3 Bd4 18. Rab1 Bxe3+ 19. Kxe3 a5 20. Nb5 Ke7 21.
Kd2 Ba6 22. Nc7 Ra7 23. Nxa6 Rxa6 24. Rbe1 e5 25. Rhf1 g5 26. Nf2 Raa8 27. Ng4
Nf8 28. Ne3 Ng6 29. Nf5+ Kd7 30. g3 h5 31. Rf2 h4 32. g4 1/2-1/2

[Event "Plzen, FSB A"]
[Site "?"]
[Date "2000.??.??"]
[Round "2"]
[White "Korenova, M."]
[Black "Balin, J."]
[Result "1/2-1/2"]
[WhiteElo "2265"]
[BlackElo "2070"]
[PlyCount "118"]
[EventDate "2000.??.??"]
[Source "ChessBase"]
[SourceDate "1996.11.15"]

1. e4 e6 2. d4 d5 3. Nd2 Nc6 4. c3 e5 5. exd5 Qxd5 6. Ngf3 exd4 7. Bc4 Qd8 8.
O-O Be7 9. Qb3 Na5 10. Bxf7+ Kf8 11. Qa4 Kxf7 12. Qxa5 Nf6 13. cxd4 Rf8 14. Nc4
c6 15. Nce5+ Kg8 16. Qxd8 Rxd8 17. Bg5 Bf5 18. Rfe1 Bf8 19. Rad1 h6 20. Bh4 g5
21. Bg3 Ne4 22. Nc4 Nxg3 23. hxg3 Bg4 24. Ne3 Bxf3 25. gxf3 Kf7 26. Re2 Rd7 27.
Ng4 Rd5 28. Red2 Rad8 29. Ne3 R5d7 30. Kf1 Kg6 31. Ke2 Bg7 32. d5 cxd5 33. Nxd5
Kf7 34. b3 h5 35. f4 g4 36. Ne3 Rxd2+ 37. Rxd2 Rxd2+ 38. Kxd2 Bf8 39. Kd3 Bb4
40. Nc2 Bc5 41. Ne3 Bb4 42. Ke2 Ke6 43. f3 gxf3+ 44. Kxf3 a5 45. g4 hxg4+ 46.
Kxg4 Kd6 47. Kf5 b5 48. Ke4 a4 49. Nd5 axb3 50. axb3 Be1 51. f5 Bh4 52. Nf4 Kc5
53. Nd3+ Kd6 54. b4 Bg5 55. Nf4 Bh4 56. Ng2 Bf6 57. Ne3 Bg5 58. Nc2 Bd2 59. Kd3
Bxb4 1/2-1/2

[Event "Plzen, FSB A"]
[Site "?"]
[Date "2000.??.??"]
[Round "2"]
[White "Cernousek, L."]
[Black "van Dijk, T."]
[Result "1-0"]
[WhiteElo "2255"]
[BlackElo "2040"]
[PlyCount "51"]
[EventDate "2000.??.??"]
[Source "ChessBase"]
[SourceDate "1996.11.15"]

1. Nf3 c5 2. e4 d6 3. d4 cxd4 4. Nxd4 Nf6 5. Nc3 a6 6. Be2 e6 7. f4 Qc7 8. O-O
Be7 9. Be3 b5 10. e5 dxe5 11. fxe5 Qxe5 12. Bf4 Qc5 13. Bf3 Nd5 14. Kh1 Bb7 15.
Nb3 Qb6 16. Bxd5 exd5 17. Nxd5 Bxd5 18. Qxd5 Qc6 19. Qd4 O-O 20. Na5 Qc5 21.
Qe4 Nd7 22. Nb3 Qb4 23. Qb7 Rfd8 24. Bc7 Re8 25. Rf4 Rab8 26. Qc6 1-0

[Event "Plzen, FSB A"]
[Site "?"]
[Date "2000.??.??"]
[Round "2"]
[White "Sedlacek, J."]
[Black "Novak, P."]
[Result "0-1"]
[WhiteElo "1865"]
[BlackElo "2235"]
[PlyCount "56"]
[EventDate "2000.??.??"]
[Source "ChessBase"]
[SourceDate "1996.11.15"]

1. c4 Nf6 2. Nc3 e6 3. g3 c5 4. Nf3 Nc6 5. d4 cxd4 6. Nxd4 Bc5 7. e3 O-O 8. Bg2
d5 9. cxd5 exd5 10. O-O Bg4 11. Nxc6 bxc6 12. Qa4 Qd7 13. e4 Bh3 14. Bg5 Bxg2
15. Kxg2 Nxe4 16. Nxe4 dxe4 17. Qxe4 Rfe8 18. Qc4 Qf5 19. h4 h6 20. Bd2 Rad8
21. Bc1 Rd4 22. Qa6 Rxh4 23. Qxc6 Re6 24. Qa8+ Kh7 25. Bd2 Qh3+ 26. Kf3 Rf6+
27. Ke2 Qg4+ 28. f3 Qc4+ 0-1

[Event "Plzen, FSB A"]
[Site "?"]
[Date "2000.??.??"]
[Round "2"]
[White "Spal, M."]
[Black "Hofman, M."]
[Result "1-0"]
[WhiteElo "2235"]
[BlackElo "1900"]
[PlyCount "71"]
[EventDate "2000.??.??"]
[Source "ChessBase"]
[SourceDate "1996.11.15"]

1. e4 e6 2. d3 b6 3. g3 Bb7 4. Bg2 Nf6 5. Nf3 d5 6. e5 Nfd7 7. O-O c5 8. Qe2
Nc6 9. c4 Ne7 10. Nc3 a6 11. Bg5 d4 12. Ne4 Bxe4 13. Qxe4 Rb8 14. a3 h6 15. Bd2
Ng6 16. h4 Be7 17. Rfe1 Qc7 18. b4 Bd8 19. Rab1 Ne7 20. h5 Nf5 21. Bh3 Ne7 22.
Bf4 Qc6 23. Qe2 Qc8 24. bxc5 bxc5 25. Nd2 Bc7 26. Rxb8 Bxb8 27. Rb1 Nc6 28. Bg2
O-O 29. Nf3 Bc7 30. Qe4 Ba5 31. g4 f6 32. Bg3 Ncxe5 33. Nxe5 fxe5 34. Rb7 Rf7
35. Ra7 Nf6 36. Ra8 1-0

[Event "Plzen, FSB A"]
[Site "?"]
[Date "2000.??.??"]
[Round "2"]
[White "Horyna, J."]
[Black "Fiala, R."]
[Result "0-1"]
[WhiteElo "1855"]
[BlackElo "2235"]
[PlyCount "80"]
[EventDate "2000.??.??"]
[Source "ChessBase"]
[SourceDate "1996.11.15"]

1. d4 Nf6 2. Nf3 d5 3. e3 c5 4. Bb5+ Bd7 5. Bxd7+ Nbxd7 6. dxc5 Qa5+ 7. Qd2
Qxc5 8. Nc3 g6 9. Qd4 Rc8 10. Qxc5 Rxc5 11. O-O Bg7 12. Nd4 O-O 13. Bd2 a6 14.
f3 Ne5 15. Na4 Rcc8 16. b3 Ned7 17. c3 Ne8 18. Rac1 Nd6 19. Nb2 Rc7 20. Rfd1
Rfc8 21. Nd3 e6 22. Ne2 Nb5 23. e4 dxe4 24. fxe4 Nxc3 25. Bxc3 Bxc3 26. Rxc3
Rxc3 27. Nxc3 Rxc3 28. Rd2 Kf8 29. Kf2 Ke7 30. Ke2 Nf6 31. Nf2 h5 32. h3 h4 33.
Rd3 Rc5 34. Rd2 Rg5 35. Kf1 Nh5 36. Rd4 Nf4 37. Ng4 Rc5 38. Rc4 Rxc4 39. bxc4
Nd3 40. Ne3 Kd6 0-1

[Event "Plzen, FSB A"]
[Site "?"]
[Date "2000.??.??"]
[Round "2"]
[White "Mikuev, E."]
[Black "Svoboda, J."]
[Result "0-1"]
[WhiteElo "2225"]
[BlackElo "1820"]
[PlyCount "97"]
[EventDate "2000.??.??"]
[Source "ChessBase"]
[SourceDate "1996.11.15"]

1. e4 Nf6 2. e5 Nd5 3. Nc3 Nxc3 4. dxc3 d5 5. Be3 Bf5 6. c4 e6 7. Ne2 c5 8. c3
Nc6 9. cxd5 exd5 10. Ng3 Be6 11. Bb5 a6 12. Bxc6+ bxc6 13. O-O Be7 14. f4 O-O
15. f5 Bc8 16. Qf3 f6 17. e6 Bd6 18. Qf2 Qe7 19. Ne2 Rb8 20. Nc1 g6 21. Nb3
gxf5 22. Nxc5 f4 23. Bd4 Rb5 24. b4 a5 25. a3 Be5 26. Rae1 Qg7 27. Nd3 f3 28.
Qxf3 Bxe6 29. Bxe5 fxe5 30. Qxf8+ Qxf8 31. Rxf8+ Kxf8 32. Rxe5 Kf7 33. Nc5 Bg4
34. a4 Rb8 35. bxa5 Ra8 36. a6 Bc8 37. Re1 Bxa6 38. Rb1 Ke7 39. Rb6 Bc4 40.
Rxc6 Ra5 41. Kf2 Ra8 42. Rh6 Rf8+ 43. Ke3 Rf7 44. a5 Kd8 45. a6 Kc8 46. Rb6 Rf1
47. a7 Re1+ 48. Kf4 Rf1+ 49. Kg5 0-1

[Event "Plzen, FSB A"]
[Site "?"]
[Date "2000.??.??"]
[Round "2"]
[White "Vyskocil, N."]
[Black "Priborsky, M."]
[Result "1-0"]
[WhiteElo "2330"]
[BlackElo "1795"]
[PlyCount "81"]
[EventDate "2000.??.??"]
[Source "ChessBase"]
[SourceDate "1996.11.15"]

1. e4 e5 2. Nf3 Nc6 3. d4 exd4 4. Nxd4 Bc5 5. Nb3 Bb6 6. Nc3 d6 7. a4 a6 8. Nd5
Ba7 9. Be3 Bxe3 10. Nxe3 Nf6 11. f3 Be6 12. c4 O-O 13. Bd3 Ne5 14. O-O Nfd7 15.
Be2 f6 16. Nd4 Bf7 17. Ndf5 Nc5 18. a5 Nc6 19. Nd5 Bg6 20. Nde3 Bf7 21. Ra3 Ne7
22. b4 Nxf5 23. Nxf5 Ne6 24. Qd2 Re8 25. Rd3 Qc8 26. Bd1 Kf8 27. Ba4 Rd8 28.
Rd1 Be8 29. Bb3 Bf7 30. Qe3 Re8 31. Ba4 Rd8 32. c5 d5 33. exd5 Ng5 34. Ne7 Qb8
35. h4 Be8 36. hxg5 Bxa4 37. Re1 Re8 38. Qe6 Rxe7 39. Qxe7+ Kg8 40. gxf6 gxf6
41. Qxf6 1-0

[Event "Plzen, FSB A"]
[Site "?"]
[Date "2000.??.??"]
[Round "2"]
[White "Snaidr, J."]
[Black "Cvek, R."]
[Result "0-1"]
[WhiteElo "2015"]
[BlackElo "2405"]
[PlyCount "75"]
[EventDate "2000.??.??"]
[Source "ChessBase"]
[SourceDate "1996.11.15"]

1. d4 Nf6 2. Nf3 e6 3. c4 b6 4. g3 Ba6 5. b3 Bb7 6. Bg2 Bb4+ 7. Bd2 a5 8. O-O
O-O 9. Nc3 d6 10. Qc2 Nbd7 11. Rfe1 Bxc3 12. Bxc3 Be4 13. Qb2 Qb8 14. Nd2 Bxg2
15. Kxg2 d5 16. Qc2 Qb7 17. Kg1 a4 18. f3 b5 19. Bb4 Rfc8 20. c5 Nb8 21. Qc3
Nc6 22. a3 Re8 23. e3 e5 24. bxa4 Rxa4 25. Nb3 e4 26. f4 Qc8 27. Kg2 h5 28. Rf1
Qf5 29. Qe1 h4 30. Rb1 Re6 31. Nc1 Ne7 32. Ne2 c6 33. Rb3 Nh5 34. Rh1 Rg6 35.
Qf2 Nf6 36. Kf1 Qh5 37. Ke1 Ng4 38. Qg2 0-1

[Event "Plzen, FSB A"]
[Site "?"]
[Date "2000.??.??"]
[Round "2"]
[White "Hajek, J."]
[Black "Mazakova, P."]
[Result "1/2-1/2"]
[WhiteElo "2075"]
[BlackElo "2315"]
[PlyCount "104"]
[EventDate "2000.??.??"]
[Source "ChessBase"]
[SourceDate "1996.11.15"]

1. e4 c5 2. Nf3 d6 3. d4 cxd4 4. Qxd4 Nc6 5. Bb5 Bd7 6. Bxc6 Bxc6 7. Nc3 Nf6 8.
Bg5 e6 9. O-O-O Be7 10. Rhe1 O-O 11. e5 dxe5 12. Qh4 Qc7 13. Nxe5 Rfd8 14. Ng4
Nxg4 15. Bxe7 Qf4+ 16. Kb1 Rxd1+ 17. Rxd1 Qf5 18. f3 Ne3 19. Rd2 h6 20. Qd4 Nd5
21. Nxd5 Qxd5 22. Qxd5 Bxd5 23. b3 f6 24. c4 Bc6 25. f4 Kf7 26. Bb4 h5 27. Kc2
Kg6 28. g3 Kf5 29. Re2 Rd8 30. h4 Be4+ 31. Kc1 Rd3 32. Be1 e5 33. fxe5 Kxe5 34.
Bf2 Kf5 35. Re3 Rxe3 36. Bxe3 Kg4 37. Bf4 g5 38. hxg5 fxg5 39. Bb8 Kf3 40. Kd2
a6 41. b4 h4 42. gxh4 gxh4 43. Kc3 Bb1 44. a4 Ke4 45. a5 Bd3 46. Bc7 h3 47. Bb8
Be2 48. Bc7 Kf3 49. Kd4 Kg2 50. Kc5 h2 51. Bxh2 Kxh2 52. b5 axb5 1/2-1/2

[Event "Plzen, FSB A"]
[Site "?"]
[Date "2000.??.??"]
[Round "2"]
[White "Vagner, T."]
[Black "Folk, P."]
[Result "0-1"]
[WhiteElo "2060"]
[BlackElo "2260"]
[PlyCount "114"]
[EventDate "2000.??.??"]
[Source "ChessBase"]
[SourceDate "1996.11.15"]

1. e4 c5 2. Nf3 e6 3. d4 cxd4 4. Nxd4 Nc6 5. Nc3 Qc7 6. Be3 a6 7. a4 Nf6 8. Be2
Bb4 9. Bf3 Ne5 10. O-O Bxc3 11. bxc3 Qxc3 12. Ne2 Qc7 13. Ng3 h5 14. Re1 h4 15.
Nf1 d6 16. Rb1 Nc4 17. Qd3 Bd7 18. Qb3 Rb8 19. Ba7 Rc8 20. Qxb7 Qxb7 21. Rxb7
Bxa4 22. Be2 Bb5 23. Bxc4 Bxc4 24. Nd2 O-O 25. f3 Bb5 26. Rc1 Nd7 27. Bf2 Nc5
28. Bxc5 Rxc5 29. Nb3 Rc4 30. Rb6 Rfc8 31. Rxd6 Rxc2 32. Rd8+ Rxd8 33. Rxc2 Ba4
34. Rc3 Bxb3 35. Rxb3 Ra8 36. Kf2 Kf8 37. Ke3 a5 38. Kd4 a4 39. Ra3 Ke7 40. f4
f6 41. g3 g5 42. fxg5 fxg5 43. gxh4 gxh4 44. e5 Ra5 45. Kc3 Kf7 46. Kd4 Kg6 47.
Ke4 Kg5 48. h3 Ra8 49. Ra2 a3 50. Rg2+ Kh6 51. Ra2 Ra4+ 52. Kd3 Kg5 53. Kc2 Kf5
54. Kb3 Ra8 55. Rf2+ Kxe5 56. Ka2 Ra4 57. Re2+ Re4 0-1

[Event "Plzen, FSB A"]
[Site "?"]
[Date "2000.??.??"]
[Round "2"]
[White "de Jong, J."]
[Black "Hadraba, V."]
[Result "1/2-1/2"]
[WhiteElo "2135"]
[BlackElo "2240"]
[PlyCount "63"]
[EventDate "2000.??.??"]
[Source "ChessBase"]
[SourceDate "1996.11.15"]

1. d4 Nf6 2. c4 g6 3. Nc3 Bg7 4. Nf3 d6 5. Bf4 O-O 6. h3 Na6 7. e4 c5 8. d5 Qa5
9. Qd2 Nc7 10. Bd3 a6 11. O-O b5 12. e5 Nfe8 13. Bh6 bxc4 14. Bxg7 Kxg7 15.
Bxc4 Nb5 16. Rfe1 Nxc3 17. bxc3 Qc7 18. Bd3 e6 19. c4 dxe5 20. Nxe5 f6 21. Nc6
Bd7 22. Qe3 Qd6 23. Rab1 Bxc6 24. dxc6 Nc7 25. Be4 Rad8 26. Rb7 Rf7 27. Bf3 Qd2
28. Qe4 Rd4 29. Qb1 Rxc4 30. Rd1 Qf4 31. Qb6 Rc1 32. g3 1/2-1/2

[Event "Plzen, FSB A"]
[Site "?"]
[Date "2000.??.??"]
[Round "2"]
[White "Pecka, F."]
[Black "Vanek, T."]
[Result "0-1"]
[WhiteElo "2225"]
[BlackElo "2030"]
[PlyCount "96"]
[EventDate "2000.??.??"]
[Source "ChessBase"]
[SourceDate "1996.11.15"]

1. e4 e5 2. Nf3 Nc6 3. Bb5 a6 4. Ba4 Nf6 5. O-O b5 6. Bb3 Be7 7. Re1 d6 8. c3
Na5 9. Bc2 c5 10. d4 Qc7 11. h3 O-O 12. d5 Bd7 13. Nbd2 Rfc8 14. Nf1 b4 15. Bd2
Nc4 16. Ne3 Nxb2 17. Qc1 bxc3 18. Bxc3 Na4 19. Bxa4 Bxa4 20. Nf5 Bf8 21. Qg5
Kh8 22. Re3 Qd8 23. Qh4 h6 24. g4 Nh7 25. Qg3 f6 26. N3h4 Be8 27. Ng2 Ra7 28.
f4 g6 29. fxe5 fxe5 30. Nfh4 Bg7 31. Rf3 Ng5 32. Re3 Kh7 33. Nf3 Rf7 34. Rf1
Nxf3+ 35. Rexf3 Qe7 36. h4 Rxf3 37. Qxf3 Bb5 38. Rb1 Rf8 39. Qg3 Qf7 40. Ba5
Qf3 41. Qxf3 Rxf3 42. a4 Bxa4 43. Rb6 Bb5 44. Rxd6 Rf1+ 45. Kh2 Ra1 46. Bc7 Ra4
47. Re6 Rxe4 48. g5 hxg5 0-1

[Event "Plzen, FSB A"]
[Site "?"]
[Date "2000.??.??"]
[Round "2"]
[White "Priborsky, I."]
[Black "Blecha, M."]
[Result "1/2-1/2"]
[WhiteElo "1955"]
[BlackElo "2205"]
[PlyCount "94"]
[EventDate "2000.??.??"]
[Source "ChessBase"]
[SourceDate "1996.11.15"]

1. e4 c5 2. c3 Nf6 3. e5 Nd5 4. d4 cxd4 5. Nf3 Nc6 6. Bc4 Nb6 7. Bb3 d5 8. cxd4
Bg4 9. Be3 e6 10. O-O Be7 11. Nc3 O-O 12. Bc2 f6 13. Qd3 Bf5 14. Qe2 Bxc2 15.
Qxc2 Nc4 16. exf6 Rxf6 17. b3 Nxe3 18. fxe3 Rc8 19. Qb2 Qa5 20. Na4 Rh6 21.
Rac1 Rf8 22. Qe2 Bd6 23. g3 Qc7 24. Qg2 Rff6 25. Nh4 Qe7 26. Rxf6 Qxf6 27. Qf3
Qg5 28. Rf1 Rf6 29. Qe2 e5 30. Rxf6 Qxf6 31. Qb5 Qf7 32. Nc3 exd4 33. exd4 Nxd4
34. Qxd5 Ne2+ 35. Kg2 Nxc3 36. Qxd6 Nxa2 37. Qb8+ Qf8 38. Qxa7 Nb4 39. Qxb7 Kh8
40. Nf3 h6 41. Qe4 Qd6 42. Qe8+ Kh7 43. Qe4+ Kh8 44. Qa8+ Kh7 45. Qe4+ Kh8 46.
Qe5 Qd8 47. Qc5 Qb8 1/2-1/2

[Event "Plzen, FSB A"]
[Site "?"]
[Date "2000.??.??"]
[Round "2"]
[White "Hrbolka sr., L."]
[Black "Chalupecky, V."]
[Result "1-0"]
[WhiteElo "2205"]
[BlackElo "1970"]
[PlyCount "89"]
[EventDate "2000.??.??"]
[Source "ChessBase"]
[SourceDate "1996.11.15"]

1. d4 d5 2. Nf3 Nf6 3. c4 c6 4. e3 g6 5. Nc3 Bg7 6. Bd3 O-O 7. O-O Nbd7 8. cxd5
cxd5 9. Qb3 e6 10. Bd2 Qb6 11. Qa3 Re8 12. Rfc1 Bf8 13. Qb3 Qxb3 14. axb3 a6
15. Nb5 Rb8 16. Nc7 Rd8 17. b4 Bd6 18. b5 Bxc7 19. Rxc7 Ne8 20. Rc2 axb5 21.
Bxb5 Nd6 22. Bd3 b5 23. Bb4 Nf6 24. Ne5 Bb7 25. f3 Nfe8 26. b3 Rbc8 27. Rxc8
Rxc8 28. Bc5 Rd8 29. Kf2 f6 30. Bb6 Rc8 31. Nd7 Rc6 32. Ba5 Kf7 33. Nc5 Bc8 34.
Bb4 e5 35. Ra7+ Rc7 36. Ra8 exd4 37. exd4 Bf5 38. Be2 g5 39. Ba5 Rc8 40. Ra7+
Kg6 41. g4 Bc2 42. Bd2 Kh6 43. h4 Rc7 44. hxg5+ Kg7 45. Ne6+ 1-0

[Event "Plzen, FSB A"]
[Site "?"]
[Date "2000.??.??"]
[Round "2"]
[White "Brasser, P."]
[Black "Gschwendtner, S."]
[Result "1-0"]
[WhiteElo "1960"]
[BlackElo "2185"]
[PlyCount "89"]
[EventDate "2000.??.??"]
[Source "ChessBase"]
[SourceDate "1996.11.15"]

1. e4 c5 2. Nf3 d6 3. d4 cxd4 4. Nxd4 Nf6 5. Nc3 g6 6. f3 Bg7 7. Be3 O-O 8. Qd2
Nc6 9. Bc4 Bd7 10. h4 Ne5 11. Bb3 h5 12. O-O-O Rc8 13. g4 hxg4 14. h5 Nxh5 15.
Bh6 e6 16. Rdg1 Qf6 17. Bxg7 Qxg7 18. f4 Nc4 19. Bxc4 Rxc4 20. Nde2 f5 21. exf5
exf5 22. Qxd6 Rfc8 23. Qd5+ Qf7 24. Qxb7 R4c7 25. Qa6 Bc6 26. Rh2 Qe6 27. Qd3
Rd7 28. Nd4 Qf7 29. Qa6 Ba8 30. Qxc8+ Kg7 31. Nxf5+ Qxf5 32. Rxh5 Rd1+ 33. Nxd1
Qxc8 34. Rg5 Be4 35. Ne3 Qa6 36. R5xg4 Qxa2 37. f5 Qa1+ 38. Kd2 Qa5+ 39. c3
Qd8+ 40. Ke1 Qd3 41. Rxg6+ Kf8 42. Rg8+ Kf7 43. R1g7+ Kf6 44. Ng4+ Kxf5 45.
Rf8+ 1-0

[Event "Plzen, FSB A"]
[Site "?"]
[Date "2000.??.??"]
[Round "2"]
[White "Priborsky, J."]
[Black "Juptner, J."]
[Result "0-1"]
[WhiteElo "1940"]
[BlackElo "2170"]
[PlyCount "78"]
[EventDate "2000.??.??"]
[Source "ChessBase"]
[SourceDate "1996.11.15"]

1. e4 c5 2. d4 cxd4 3. c3 dxc3 4. Nxc3 d6 5. Nf3 e6 6. Bc4 a6 7. O-O Nc6 8. Qe2
Be7 9. Rd1 b5 10. Bb3 Ra7 11. Be3 Rd7 12. Nd4 Nxd4 13. Bxd4 Nf6 14. f3 O-O 15.
Rac1 Bb7 16. e5 dxe5 17. Bxe5 Qb6+ 18. Kh1 Rfd8 19. Ne4 Nxe4 20. fxe4 Rxd1+ 21.
Bxd1 Bd6 22. Bxd6 Qxd6 23. Bb3 Qe5 24. Re1 g6 25. Qc2 Rd4 26. Qc3 b4 27. Qc1
Rxe4 28. Rg1 Re2 29. Qf1 Bxg2+ 30. Qxg2 Rxg2 31. Rxg2 Qe1+ 32. Rg1 Qe4+ 33. Rg2
Qb1+ 34. Rg1 Qxb2 35. Rd1 a5 36. Rd8+ Kg7 37. Rd7 Qc1+ 38. Rd1 Qc6+ 39. Kg1 a4
0-1

[Event "Plzen, FSB A"]
[Site "?"]
[Date "2000.??.??"]
[Round "2"]
[White "Hercik, J."]
[Black "Pliva, V."]
[Result "0-1"]
[WhiteElo "1950"]
[BlackElo "2170"]
[PlyCount "50"]
[EventDate "2000.??.??"]
[Source "ChessBase"]
[SourceDate "1996.11.15"]

1. e4 e5 2. Nf3 Nf6 3. d4 exd4 4. Nxd4 d6 5. Bb5+ c6 6. Bd3 g6 7. Bg5 Bg7 8.
O-O O-O 9. f4 Qb6 10. c3 c5 11. e5 Nd5 12. Nc2 c4+ 13. Kh1 cxd3 14. Qxd3 Be6
15. g4 Bd7 16. c4 Nc7 17. Nc3 Bc6+ 18. Ne4 Ne6 19. b4 Nxg5 20. fxg5 Nd7 21.
exd6 Bxa1 22. Rxa1 Rae8 23. Re1 Rxe4 24. Rxe4 Re8 25. c5 Rxe4 0-1

[Event "Plzen, FSB A"]
[Site "?"]
[Date "2000.??.??"]
[Round "2"]
[White "Hampek, M."]
[Black "Vasicek, M."]
[Result "0-1"]
[WhiteElo "1835"]
[BlackElo "2165"]
[PlyCount "64"]
[EventDate "2000.??.??"]
[Source "ChessBase"]
[SourceDate "1996.11.15"]

1. d4 Nf6 2. c4 c5 3. d5 e5 4. Nc3 d6 5. e4 Be7 6. Nf3 O-O 7. Be2 Ne8 8. O-O g6
9. a3 f5 10. b4 Nd7 11. Nd2 Nef6 12. Bf3 Rf7 13. Nb3 b6 14. b5 f4 15. a4 g5 16.
a5 Rb8 17. axb6 axb6 18. Bd2 g4 19. Be2 Rg7 20. f3 h5 21. Ra7 Nf8 22. Na4 h4
23. Ba5 bxa5 24. Nxa5 h3 25. Nc6 Qe8 26. Nxb8 hxg2 27. Rf2 g3 28. hxg3 fxg3 29.
Rxg2 Bh3 30. Nc6 Bxg2 31. Rxe7 Qh5 32. Rxg7+ Kxg7 0-1